MARC

Tag First Indicator Second Indicator Subfields
LEADER 00000ccm a2200000 4500
001 in00001106830
005 20150930061206.0
008 740816q19501959nyumub hi n ]]N/A d
019 |a 11979876  |a 21452464 
028 3 0 |a 26  |b Lea Pocket Scores 
028 3 0 |a L.P.S. No. 26  |b Lea Pocket Scores 
035 |a (OCoLC)00978085 
035 |9 AFU8676AM 
040 |a WSU  |c WSU  |d m.c.  |d KLM  |d OCL  |d OSU  |d TXX  |d TXA  |d UtOrBLW 
041 0 |g eng 
045 2 |a v1v4 
047 |a ri  |a cn  |a fg  |a ts 
048 |a wa01  |a sa01  |a ke 
048 |a sa02  |a ke 
048 |a wa02  |a ke 
049 |a TXAM 
090 |a M990.B2  |b M87 1950z 
092 0 |a 784.187  |2 20 
100 1 |a Bach, Johann Sebastian,  |d 1685-1750. 
240 1 0 |a Musikalisches Opfer 
245 1 4 |a The Musical offering, and Three trio sonatas /  |c J.S. Bach. 
264 1 |a New York :  |b Lea Pocket Scores,  |c [195?] 
300 |a 1 miniature score (94 pages) ;  |c 17 cm. 
336 |a notated music  |b ntm  |2 rdacontent 
337 |a unmediated  |b n  |2 rdamedia 
338 |a volume  |b nc  |2 rdacarrier 
500 |a L.P.S. Number 26. 
500 |a "From the Bach-Gesellschaft edition." 
505 0 |a Musical offering.--Trio sonata in G major for flute, violin, and continuo.--Trio sonata in C major for two violins and continuo.--Trio sonata in G major for two flutes and cembalo. 
536 |a From the Edward O.D. Downes Collection. 
650 0 |a Canons, fugues, etc. (Instrumental ensemble)  |x Scores. 
650 0 |a Trio sonatas (Flute, violin, continuo)  |x Scores. 
650 0 |a Trio sonatas (Violins (2), continuo)  |x Scores. 
650 0 |a Trio sonatas (Flutes (2), continuo)  |x Scores. 
700 1 2 |a Bach, Johann Sebastian,  |d 1685-1750.  |t Sonatas,  |m flute, violin, continuo,  |n BWV 1038,  |r G major. 
700 1 2 |a Bach, Johann Sebastian,  |d 1685-1750.  |t Sonatas,  |m flutes (2), continuo,  |n BWV 1039,  |r G major. 
700 1 2 |a Goldberg, Johann Gottlieb,  |d 1727-1756.  |t Trio sonatas,  |m violins (2), continuo,  |r C major. 
740 0 |a Musikalisches Opfer. 
830 0 |a Lea pocket scores ;  |v no. 26. 
999 |a MARS 
999 f f |s e55633b1-b16d-3933-8dcc-5dca96cfabc7  |i f57fe403-0ec9-3cef-9360-2871ef0309e8  |t 0 
952 f f |p ric  |a Texas A&M University  |b Rellis Campus  |c Joint Library Facility  |d Remote Storage  |t 0  |e M990.B2 M87 1950z  |h Library of Congress classification  |i unmediated -- volume  |m A14830840631 
998 f f |a M990.B2 M87 1950z  |t 0  |l Remote Storage